| 000 | 00443nam a22001811a 4500 | ||
|---|---|---|---|
| 001 | 11609 | ||
| 003 | OSt | ||
| 005 | 20260204212249.0 | ||
| 008 | 130123s2012||||dr ||||||b||||||||||spa|| | ||
| 020 | _a9789945473902 | ||
| 050 | _a861.5 M523l | ||
| 100 | _aMéndez, Luís | ||
| 245 | _aLechugas con sabor a menta / Luís Méndez | ||
| 264 | _aSanto Domingo: Santuario | ||
| 300 | _a192 p | ||
| 610 | _aPoesía DominicanaÌ | ||
| 942 |
_2ddc _cBK |
||
| 999 |
_c11609 _d11609 |
||